000 00682nam a2200205Ia 4500
003 IN-BaIIA
008 211028s9999 xx 000 0 eng d
040 _cIIA Library
080 _a517.2
_bGRA
100 _aGranville, William Anthony
_96020
245 0 _aElements of the differential and integral calculus
_cWilliam Anthony Granville, Percey F. Smith and William Raymond Longley
260 _aCalcutta
_bOxford & IBH
_c1957
300 _axi, 556p.
650 _aAnalytical Geometry
_91676
650 _aCalculus
_91611
650 _aNASA Thesaurus
700 _aLongley, William Raymond
_94647
700 _aSmith, Percey F.
_96021
942 _cBK
999 _c3399
_d3399